Les acides aminés - Statistiques

Statistiques générales
  • Ce quiz a été pris 3 262 fois
  • Le résultat moyen est 13 sur 20
Statistiques - réponses
Par images Réponse % Correct
Glycine
90%
Alanine
82%
Valine
79%
Leucine
78%
Isoleucine
77%
Phénylalanine
72%
Proline
72%
Tyrosine
68%
Tryptophane
67%
Cystéine
65%
Méthionine
65%
Sérine
63%
Histidine
59%
Lysine
58%
Acide glutamique
57%
Acide aspartique
56%
Glutamine
55%
Thréonine
55%
Arginine
53%
Asparagine
53%
Aucun quiz correspondant
Distribution des résultats
% des personnes avec chaque résultat
Percentile par nombre de réponses
Votre historique - résultats
Vous n’avez pas pris ce quiz